[Event "IRI-ch U16"]
[Site "Chess.com INT"]
[Date "2021.01.16"]
[Round "6"]
[White "Vaziri, Rasool"]
[Black "Khazaei, Parviz"]
[Result "1/2-1/2"]
[WhiteElo "1799"]
[BlackElo "2156"]
[PlyCount "119"]
[EventDate "2021.01.16"]
[EventType "swiss"]
[EventRounds "11"]
[EventCountry "IRI"]
[SourceTitle "EXT 2022"]
[Source "ChessBase"]
[SourceDate "2021.10.06"]
[SourceVersion "1"]
[SourceVersionDate "2021.10.06"]
[SourceQuality "1"]

1. c4 Nf6 2. Nc3 c5 3. g3 Nc6 4. Bg2 g6 5. Nf3 Bg7 6. 0-0 0-0 7. d4 d6 8. b3 cxd4 9. Nxd4 Nxd4 10. Qxd4 Ng4 11. Qd2 f5 12. h3 Nf6 13. Bb2 Bd7 14. Bxb7 f4 15. Bxa8 Qxa8 16. g4 f3 17. exf3 h5 18. Nd5 Nxd5 19. cxd5 Bxb2 20. Qxb2 Qxd5 21. Qe2 Bb5 22. Qe4 Qxe4 23. fxe4 Bxf1 24. Rxf1 hxg4 25. hxg4 Rc8 26. f3 Kf7 27. Rf2 Rc1+ 28. Kg2 Kf6 29. Rd2 Ke5 30. Kg3 e6 31. a4 Rg1+ 32. Kf2 Rb1 33. Ke3 Rxb3+ 34. Kf2 Kf4 35. Rxd6 Rxf3+ 36. Kg2 Rg3+ 37. Kf2 Ra3 38. Rxe6 Ra2+ 39. Ke1 g5 40. Ra6 Ke3 41. Kd1 Kxe4 42. Rxa7 Kf4 43. a5 Kxg4 44. Ke1 Kf3 45. a6 g4 46. Rf7+ Kg2 47. a7 g3 48. Rg7 Kh2 49. Rh7+ Kg1 50. Rg7 g2 51. Kd1 Kf2 52. Rf7+ Ke3 53. Re7+ Kd3 54. Rd7+ Ke4 55. Rg7 Kf3 56. Rf7+ Ke3 57. Re7+ Kd3 58. Rd7+ Kc4 59. Rg7 Kd3 60. Rd7+ 1/2-1/2